000 00557nam a22001817a 4500
003 CEME
005 20210628210619.0
008 210210b xxu||||| |||| 00| 0 eng d
020 _a0-07-365739-5
040 _c.
082 _a004.67 ERI
100 _aVonk, John.A Erickson, Fritz.J
_977357
245 _aMicrosoft iternet explorer and the world wide web
260 _aBOSTAN
_bIRWIN MCGRAW HILL
_c1999
300 _a235P
650 _aMICROSOFT INTERNET EXPLORER WORLD WIDE WEB-INFORMATION RETRIEVAL SYSTEM INTERNET EXPLORER
_980181
942 _cBK
_2ddc
999 _c585143
_d585143